Večerná pieseň

Bibliographic Details
Main Author: Chomjakov, Aleksej Stepanovič, 1804-1860 (Author)
Other Authors: Sládkovičov, Martin, 1863-1934 (Translator)
Format: Article
Language:Slovak
Russian

MARC

LEADER 00000nab a2200000uu 4500
001 vtls011510575
003 SK-MaSNL
005 20260303212127.0
008 230302|1896 xo |||||||||||||||||slo|
015 |a SNBRB 
035 |a (urnnbn)urn:nbn:sk:snk:ar-000xix 
035 |a (uuid)1af7381b-d09c-4760-9aed-c6177314f284 
035 |a urn:nbn:sk:snk-abe1dz 
040 |a SNKBUCL  |b slo  |c SNKBUCL  |e AACR2 
041 1 |a slo  |h rus 
044 |a xo  |c SK 
100 1 |a Chomjakov, Aleksej Stepanovič,  |d 1804-1860  |4 aut  |9 98252 
245 1 0 |a Večerná pieseň  |c A.S. Chomiakov ; Martin Sládkovičov 
700 1 |a Sládkovičov, Martin,  |d 1863-1934  |4 trl  |9 257528 
773 0 |t Slovenské pohľady  |g Roč. 16, č. 10 (1896), s. [577] 
958 |a ONDV 
958 |a article27 
999 |c 2205721  |d 2207651